000 00343pab a2200145 454500
008 180718b2004 xxu||||| |||| 00| 0 eng d
100 _aRay, Rabindra
245 _aThe cultural orientations of mentality
260 _c2004
300 _ap.216-19.
362 _aOct
650 _aCulture
773 _aPsychological Studies
909 _a64268
999 _c64268
_d64268